000 01080nam a22003137a 4500
003 CHAP
005 20220329135956.0
008 971013s1966 r 00010 d
010 _a44992
011 _a45964
035 _a50104
040 _cCHAP
090 _aTesis
100 0 0 _aUviña Luna, Fabián.
_9117156
245 _aCondiciones que debe llenar una granja avícola para su mejor rendimiento en la zona central del estado de Jalisco
260 _aMéxico, D.F. :
_bEl autor,
_c1966
300 _a36 h.
_b: ilus.
502 _aTesis (Médico Veterinario Zootecnista) -- UNAM. Esc. Nal. de Medicina Veterinaria y Zootecnia
590 _aALEPH
_b10
_c20130110
_lUCH01
_h1315
590 _aBATCH-UPD
_b10
_c20130110
_lUCH01
_h1705
590 _aBATCH-UPD
_b10
_c20130410
_lUCH01
_h1052
590 _aBATCH-UPD
_b10
_c20130914
_lUCH01
_h0445
590 _aCONVERSION
_b10
_c20130109
_lUCH01
_h1325
650 1 4 _aAves de corral
_xJaulas y equipo.
_98656
650 1 4 _aAvicultura
_xJalisco.
_98735
901 _aBK
942 _cTESIS
949 _bBC
_cTES
_d-112730
_eTS1
_i50104
_si
999 _c44992
_d44992